Operation Theatre Technique (Record no. 155186)

MARC details
000 -LEADER
fixed length control field 00350nam a2200133Ia 4500
008 - FIXED-LENGTH DATA ELEMENTS--GENERAL INFORMATION
fixed length control field 230411s9999 xx 000 0 und d
041 ## - LANGUAGE CODE
Language code of text/sound track or separate title eng
082 ## - DEWEY DECIMAL CLASSIFICATION NUMBER
Classification number S/617.917/PAT/B04568
100 ## - MAIN ENTRY--PERSONAL NAME
Personal name Patil Rashmi
245 ## - TITLE STATEMENT
Title Operation Theatre Technique
260 ## - PUBLICATION, DISTRIBUTION, ETC. (IMPRINT)
Name of publisher, distributor, etc. Vora Medical Publications
Place of publication, distribution, etc. Mumbai
Date of publication, distribution, etc. 1994
300 ## - PHYSICAL DESCRIPTION
Extent 202p
Holdings
Withdrawn status Lost status Damaged status Not for loan Collection code Home library Current library Date acquired Vendor Cost, normal purchase price Bill number Total Checkouts Full call number Barcode Date last seen Cost, replacement price Bill Date Koha item type Original Barcode
          Smt. Bakul Tambat Institute of Nursing Education Smt. Bakul Tambat Institute of Nursing Education 06/12/2007 M.K.S.S.S I.N.E.Ratnagiri. 100.00 5516   S 617.917 PAT B04568 BTIN-BK-4568 11/04/2023 100.00 14/02/2002 Books B04568